Sex e Math in the Harvard yard The memories of James Mills Peirce
Gorde:
| Egile nagusia: | |
|---|---|
| Formatua: | Liburua |
| Hizkuntza: | ingelesa |
| Etiketak: |
Etiketarik gabe, Izan zaitez lehena erregistro honi etiketa jartzen!
|
MARC
| LEADER | 00000nam a2200000 4500 | ||
|---|---|---|---|
| 005 | 20240724171027.0 | ||
| 008 | 240724b |||||||| |||| 00| 0 eng d | ||
| 040 | |c GP | ||
| 100 | |a Kennedy, Hubert | ||
| 245 | |a Sex e Math in the Harvard yard |b The memories of James Mills Peirce | ||
| 942 | |2 ddc |n 0 |c BK | ||
| 952 | |0 0 |1 0 |2 ddc |4 0 |6 810_000000000000000_KEN |7 1 |9 1703 |a RM |b RM |d 2024-07-24 |l 0 |o 810 KEN |p 460 |r 2024-07-24 17:10:48 |w 2024-07-24 |y BK | ||
| 999 | |c 1516 |d 1516 | ||